Domain decomposition algorithms for elliptic partial differential equations /

Guardado en:
Otros Autores: Resasco, Diana Cristina. (Disertante), Chan, Tony F. (Orientador)
Formato: Manuscrito
Idioma:English
Publicado: 1990.
Etiquetas: Agregar Etiqueta
Sin Etiquetas, Sea el primero en etiquetar este registro!
LEADER 00765ntm a22002055a 4500
001 MAT.inmabb004182
008 070215s1990####xx#a#####bm###000#0#eng#d
005 20130318155333.0
245 1 0 |a Domain decomposition algorithms for elliptic partial differential equations /  |c by Diana Cristina Resasco. 
260 |c 1990. 
300 |a viii, 91 p. :  |b il. ;  |c 28 cm. 
502 |a Tesis (Ph.D.)--Yale University, Department of Computer Science, 1990. 
500 |a Título de la cubierta. 
500 |a Director de tesis: Tony F. Chan. 
504 |a Incluye referencias bibliográficas (p. 89-91). 
100 1 |a Resasco, Diana Cristina.  |4 dis 
700 1 |a Chan, Tony F.  |4 ths 
710 2 |a Yale University.  |4 dgg 
084 |a 65N55  |2 msc2000 
859 |h 65  |i R429  |p A-7250  |b BIB. MATEMATICA